| 000 | 00548nam a22001817a 4500 | ||
|---|---|---|---|
| 005 | 20240920152734.0 | ||
| 008 | 240919b |||||||| |||| 00| 0 eng d | ||
| 020 | _a978-93-90972-04-3 | ||
| 041 | _aeng | ||
| 082 | _a615.19 | ||
| 100 |
_aJADHAV, DR.KHANDERAO RAJARAM. AND SURANA, MR. KHEMCHAND RAJENDRA _98552 |
||
| 245 | _aPHARMACEUTICAL PRODUCT DEVELOPMENT [ B.PHARMA, 8TH SEMESTER] | ||
| 250 | _a1ST RE. PRINT ED. 2022 | ||
| 260 |
_aLUCKNOW _bTHAKUR PUBLICATION PVT.LTD |
||
| 300 | _a190;P | ||
| 650 |
_aPHARMACY _xB.PHARMA |
||
| 942 | _cBK | ||
| 999 |
_c8681 _d8679 |
||